000 00899nam a2200205 a 4500
001 001067989
003 AM-YeHGA
005 20250617151206.0
008 150324s1978 ||| r 000 0 rus d
040 _aAM-YeHGA
041 0 _arus
245 0 0 _aКонструирование и надежность электрических машин :
_bМежвузовский научно-технический сборник /
_cТомский политехнический ин-т им. С.М. Кирова; Редкол.: Г.А. Сипейлов.
260 _aТомск :
_bБ.и.,
_c1978.
300 _a188 с.
504 _aБиблиогр. в конце статей
650 1 4 _aЭлектрические машины
700 1 _aСипейлов, Г.А.
_eред.
_4edt
710 2 _aТомский политехнический ин-т им. С.М. Кирова
090 _c348398
999 _c346597
_d346597